the cure - Olivia Rodrigo (All Lyrics) - Statistics

General Stats
  • This quiz has been taken 152 times
  • The average score is 350 of 437
Answer Stats
Lyrics % Correct
I
99%
the
98%
a
96%
All
91%
all
91%
my
91%
girls
89%
in
89%
of
89%
And
88%
and
88%
cure
88%
cure,
88%
he
88%
it
87%
It
87%
poison,
87%
for
86%
heart
86%
I'm
86%
(I'm
86%
to
86%
you
86%
be
85%
but
85%
But
85%
doubt
85%
head
85%
is
85%
me,
84%
me
84%
never
84%
full
82%
this
82%
thought
82%
It's
81%
it's
81%
time
81%
like
80%
mind
80%
feels
79%
good
79%
got
79%
out
79%
antidote
78%
found
78%
unraveled
78%
unraveled)
78%
unraveled,
78%
will
78%
bloodstream,
76%
bloodstream
76%
medication,
76%
pretty
76%
suck
76%
It'll
75%
don't
75%
hard
75%
It'll
75%
sure
75%
toxins
75%
love
74%
tried
74%
your
74%
how
72%
matter
72%
with
72%
anymore
71%
cry
67%
enough,
67%
enough?
67%
enough
67%
'em
66%
so
66%
up
66%
up?
66%
I'd
65%
Why
65%
can't
64%
fucked
64%
ever
62%
start
61%
they
61%
keep
59%
line
59%
that
59%
foreground
58%
stitch
58%
'til
58%
'Cause,
56%
come
56%
moving
56%
date
54%
guy
54%
when
54%
game
53%
on
53%
play
53%
oh
52%
Used
52%
as
49%
not
49%
Tally
49%
might
48%
room
48%
well
48%
done
46%
moon
46%
nights
45%
thoughts
45%
bad
44%
alone,
42%
spent
42%
baby,
39%
Feeling
38%
fighting
38%
because
34%
No matching quizzes found
Score Distribution
Percent of People with Each Score
Percentile by Number Answered
Your Score History
You have not taken this quiz